Statistics for Biggest Metropolitan Areas by Population

Click here to take the quiz!

General Stats

  • This quiz has been taken 164 times
    (133 since last reset)
  • The average score is 76 of 100

Answer Stats

CountryPopulationMetropolitan Area% Correct
Japan37,832,892Tokyo
99%
Mexico21,650,668Mexico City
98%
United States of America23,522,861New York City
98%
South Korea25,514,000Seoul
98%
China24,900,000Beijing
97%
United States of America18,764,814Los Angeles
97%
China34,865,252Shanghai
97%
India21,753,486Delhi
96%
Indonesia31,689,592Jakarta
96%
Russia16,855,000Moscow
96%
Germany6,004,857Berlin/Brandenburg
95%
Egypt20,500,000Cairo
95%
United Kingdom14,187,146London
95%
France12,532,901Paris
95%
United States of America9,866,910Chicago
94%
Turkey15,029,231Istanbul
94%
Brazil12,330,186Rio de Janeiro
94%
Brazil21,242,939São Paulo
94%
Japan19,342,000Kyoto/Osaka/Kobe
93%
United States of America9,797,063Washington D.C./Baltimore
93%
Philippines24,650,000Manila
92%
Spain6,549,520Madrid
91%
India20,748,395Mumbai
91%
Australia5,230,330Sydney
91%
Spain5,445,904Barcelona
90%
United States of America8,285,407Boston
90%
Argentina13,074,000Buenos Aires
90%
United Arab Emirates5,300,000Dubai/Sharjah/Ajman
90%
China7,409,800Hong Kong
90%
United States of America7,197,883Houston
90%
United States of America6,879,772Miami
90%
Netherlands8,219,380Randstad
90%
Thailand14,626,225Bangkok
89%
Nigeria21,000,000Lagos
89%
China, Taiwan7,045,488Taipei/Keelung
89%
Colombia9,286,225Bogotá
88%
Singapore5,535,000Singapore
88%
Iran14,595,904Tehran
88%
Canada6,417,516Toronto
88%
China25,000,000Guangzhou
87%
South Africa9,616,000Johannesburg
87%
Italy8,173,176Milan
87%
Peru9,886,647Lima
85%
United States of America8,841,475San Francisco/San Jose/Oakland
85%
Chile6,683,852Santiago
85%
United States of America7,994,303Dallas/Fort Worth
84%
Bangladesh17,151,925Dhaka
84%
Russia6,200,000Saint Petersburg
84%
Australia4,963,349Melbourne
83%
Germany5,900,000Munich
83%
United States of America4,911,851Phoenix
83%
Egypt4,778,000Alexandria
82%
Germany5,100,000Hamburg
82%
Pakistan16,900,000Karachi
82%
Democratic Republic of the Congo12,350,000Kinshasa
82%
United States of America6,630,231Atlanta
81%
Venezuela5,322,310Caracas
81%
Germany5,821,523Frankfurt/Rhine-Main
81%
Turkey5,346,518Ankara
80%
India14,617,882Kolkata
80%
United States of America4,853,364Seattle
80%
China19,000,000Wuhan
78%
United States of America5,353,002Detroit
77%
Saudi Arabia7,739,570Riyadh
77%
Angola6,542,944Luanda
74%
Mexico4,909,287Guadalajara
72%
Pakistan11,070,000Lahore
71%
China15,400,000Tianjin
71%
South Korea8,202,239Busan
70%
India13,300,253Chennai
70%
Sudan4,592,636Khartoum
70%
Japan9,107,000Nagoya
70%
China12,900,000Xi'an
70%
United States of America7,204,035Philadelphia
69%
India11,695,110Bangalore
66%
Germany11,471,732Rhine/Ruhr
66%
China23,300,000Shenzhen
66%
Brazil5,873,841Belo Horizonte
65%
India12,252,068Hyderabad
63%
Myanmar7,360,703Yangon
63%
Mexico4,603,254Monterrey
61%
China17,000,000Chongqing
60%
China18,100,000Chengdu
59%
China11,700,000Nanjing
59%
Germany5,300,000Stuttgart
58%
Indonesia13,123,948Surabaya
55%
China10,500,000Harbin
52%
India6,352,254Ahmedabad
50%
India7,541,946Pune
49%
Indonesia8,495,928Bandung
46%
China13,400,000Hangzhou
43%
China7,700,000Shenyang
41%
China9,600,000Qingdao
40%
China9,700,000Zhengzhou
38%
China7,600,000Wenzhou
30%
China12,000,000Shantou
24%
India5,873,588Kanpur
22%
China11,000,000Jinan
19%
China7,400,000Nanchang
6%
China12,400,000Changzhou
5%

Score Distribution

Percentile by Number Answered

Percent of People with Each Score

Your Score History

You have not taken this quiz since the last reset